banner-ar

فى علم الجمال (هديه من الآديب عبدالفتاح الجمل) / (Record no. 40978)

MARC details
000 -الفاتح
حقل البيانات ثابتة الطول 00558nam a2200193Ia 4500
008 - عناصر البيانات ثابتة الطول - معلومات عامة
حقل البيانات ثابتة الطول 140319s9999 xx 000 0 ara d
040 ## - مصدر الفهرسة
وكالة الفهرسة الأصلية GCL /
وكالة النسخ GCL
082 04 - رقم تصنيف ديوى العشرى
رقم التصنيف 111.85
رقم المادة ل ف
100 1# - المدخل الرئيسى - إسم شخصى
الإسم الشخصى لوفافر، هنرى
245 10 - بيان العنوان
العنوان فى علم الجمال (هديه من الآديب عبدالفتاح الجمل) /
بيان المسئوليه,etc لوفافر، هنرى
700 1# - المدخل الاضافى - اسم شخصى
الإسم الشخصى محمد عيناتى
300 ## - الوصف المادى
التعداد 141
490 ## - بيان السلسلة
عنوان السلسلة
650 04 - المدخل الاضافى بالموضوع-مصطلح موضوعى
مصطلح موضوعي الفلسفة
650 04 - المدخل الاضافى بالموضوع-مصطلح موضوعى
مصطلح موضوعي الاخلاق - علم
650 04 - المدخل الاضافى بالموضوع-مصطلح موضوعى
مصطلح موضوعي الجمال - علم
942 ## - عناصر المدخل الإضافي( كوها)
مصدر التصنيف او مخطط الترفيف Dewey Decimal Classification
Koha [default] item type كتاب
Holdings
حالة التراجع حالة الفقد حالة تلف ليس للاعارة المكان المؤقت الموقع الحالى تاريخ الاكتساب اجمالي اﻻعارات رقم الطلب الباركود تاريخ اخر مشاهدة تاريخ تفعيل السعر نوع وعاء كوها مصدر التصنيف او خطة الترفيف موقع الترفيف
        مكتبة القاهرة الكبرى مكتبة القاهرة الكبرى 03/26/2014   111.85\ ل ف 98849 03/26/2014 03/26/2014 كتاب    
        مكتبة القاهرة الكبرى مكتبة القاهرة الكبرى 04/23/2018   111.85 ل ف 164551 04/23/2018 04/23/2018 كتاب ddc القاعة الرئيسية
        مكتبة القاهرة الكبرى مكتبة القاهرة الكبرى 04/23/2018   111.85 ل ف 164554 04/23/2018 04/23/2018 كتاب ddc القاعة الرئيسية
        مكتبة القاهرة الكبرى مكتبة القاهرة الكبرى 04/29/2018   111.85 ل ف 164585 04/29/2018 04/29/2018 كتاب ddc القاعة الرئيسية
        مكتبة القاهرة الكبرى مكتبة القاهرة الكبرى 04/29/2018   111.85 ل ف 164591 04/29/2018 04/29/2018 كتاب ddc القاعة الرئيسية

Powered By

EGPV